000 00692nam a2200253Ia 4500
003 OSt
005 20221005060102.0
006 a|||||r|||| 00| 0
007 ta
008 221004b |||||||| |||| 00| 0 eng d
020 _a0745320430
024 _a145
037 _cTextual
040 _aCRL
_cCRL
_beng
041 _2eng
_aeng
082 _aV4655.N9, P3
100 _aPintak Lawrence
_937177
245 0 _aSeeds of hate
_b How America's flawed Middle East policy ignited the jihad
260 _aLondon
_bPluto Press USA
_c2003
300 _a360p.
_ccm.
650 _aHISTORY
942 _hV4655.N9, P3
_cTEXL
_2cc
999 _c966160
_d966160